Loading...
Science - Physics | 0 | 11 | 2 | 1 | 100 | 68 | 109.45 | 0 | 3 |
Philosophy | 0 | 3 | 0 | 0 | 30 | 109 | 121.00 | 0 | 0 |
Literature - American Literature | 0 | 2 | 0 | 0 | 20 | 95 | 99.00 | 0 | 1 |
History - Other History | 0 | 1 | 0 | 0 | 10 | 108 | 108.00 | 0 | 0 |
Science - Chemistry | 0 | 1 | 1 | 0 | 5 | 86 | 86.00 | 1 | 1 |
Mythology | 0 | 0 | 0 | 0 | 0 | 0.00 | 0 | 0 | |
Social Science | 0 | 0 | 1 | 0 | -5 | 0.00 | 0 | 0 | |
Literature - British Literature | 0 | 0 | 1 | 0 | -5 | 0.00 | 0 | 0 | |
Other Academic | 0 | 0 | 1 | 0 | -5 | 0.00 | 0 | 0 | |
Religion | 0 | 0 | 1 | 0 | -5 | 0.00 | 0 | 0 | |
Science - Biology | 0 | 0 | 1 | 0 | -5 | 0.00 | 0 | 0 | |
Science - Other Science | 0 | 1 | 3 | 0 | -5 | 98 | 98.00 | 0 | 0 |